00591nam a2200229Ia 4500003000900000008004100009040001300050040001300063041000800076100002500084100001000109245009700119250002200216260002100238260000900259300001100268300001000279490002000289490000700309700002000316700002500336IT-RoPAU120407s9999 xx 000 0 und d aIT-RoPAU cIT-RoPAU aita aGiovanna Della Croce ccoll. aConoscere Dio è la vocazione dell’uomo. Antropologia mistica in S. Giovanni della Croce. aCinisello Balsamo aEdizioni Paoline c1991 a205 p. c21 cm a Spiritualità v12 aLuigi Borriello aGiovanna Della Croce